I verbi italiani (Record no. 168818)

MARC details
000 -LEADER
campo de control de longitud fija 00614nam a22001815i 4500
001 - NÚMERO DE CONTROL
campo de control 168818
003 - IDENTIFICADOR DE NÚMERO DE CONTROL
campo de control ES-MaACL
005 - FECHA Y HORA DE LA ÚLTIMA TRANSACCIÓN
campo de control 20230906213911.0
008 - DATOS DE LONGITUD FIJA--INFORMACIÓN GENERAL
campo de control de longitud fija 080612s1971 sz |||| | fre d
080 ## - NÚMERO DE LA CLASIFICACIÓN DECIMAL UNIVERSAL
Número de la Clasificación Decimal Universal 811.131.1'366.3
100 1# - ENTRADA PRINCIPAL--NOMBRE DE PERSONA
Nombre de persona Sallaz, Max H.
9 (RLIN) 137937
245 12 - MENCIÓN DEL TÍTULO
Título I verbi italiani
Resto del título : raccolta ad uso degli allievi di lingua straniera /
Mención de responsabilidad, etc. compilata de Max H. Sallaz.
250 ## - MENCION DE EDICION
Mención de edición 13e. ed.
260 ## - PUBLICACIÓN, DISTRIBUCIÓN, ETC.
Lugar de publicación, distribución, etc. Lausanne :
Nombre del editor, distribuidor, etc. Payot,
Fecha de publicación, distribución, etc. 1971.
300 ## - DESCRIPCIÓN FÍSICA
Extensión 96 p. ;
Dimensiones 18 cm.
650 14 - PUNTO DE ACCESO ADICIONAL DE MATERIA--TÉRMINO DE MATERIA
Término de materia o nombre geográfico como elemento de entrada Lengua italiana-
Subdivisión general Conjugación.
9 (RLIN) 137938
852 ## - LOCALIZACIÓN
Ubicación ES-MaACL
Número de control de estantería E-12189
itemnumber R.190392
Nota libre .- Biblioteca Jacinto Martínez Lacalle
Holdings
Estatus retirado Estado de pérdida Estado de daño No para préstamo Biblioteca de origen Biblioteca actual Ubicación en estantería Fecha de adquisición Fuente de adquisición Total de préstamos Signatura topográfica completa Código de barras Visto por última vez Precio de reemplazo Tipo de ítem Koha
        Biblioteca del Ateneo de Madrid Biblioteca del Ateneo de Madrid Depósito 2 12/06/2008     E-12189 1177161 23/02/2023 23/02/2023 Libro impreso